000 00533nam a2200229Ia 4500
003 OSt
005 20221005131006.0
006 a|||||r|||| 00| 0
007 ta
008 221004b |||||||| |||| 00| 0 eng d
024 _a30517
037 _cTextual
040 _aCRL
_cCRL
_beng
041 _2eng
_aeng
082 _aM3, G8
100 _aLow A M
_9638978
245 0 _aScience for the home
260 _c1938
650 _aINDUSTRIAL ARTS
942 _hM3, G8
_cTEXL
_2cc
999 _c1059040
_d1059040